000 00888cam a22002891a 4500
001 10223
003 BD-RjUL
005 20211208234921.0
008 140123s1961 ii 001 0 eng d
035 _a(BD-RjUL)10271
035 _a(OCoLC)29197460
040 _aDLC
_cNcD-L
_dDLC
_d(BD-RjUL)
_beng
041 _aeng
082 _220
_a 346.029
_bKAT 1961
100 1 _aKatiar, Brinda Ban.
_931589
245 1 2 _aA treatise on the law of agency :
_bcontaining an exhaustive exposition of the subject /
_c Brinda Ban Katiar.
250 _a2nd ed. /
260 _aAllahabad :
_bLaw Publishers ,
_c1961.
300 _aiii, 1144 p. ;
_c26 cm.
500 _aIncludes index.
650 0 _aAgency (Law)
_zIndia.
_917722
700 1 _aSinghal, Janki Prasad
_931590
700 1 _asulaiman, Shah Mohammad
_931591
942 _2ddc
_cBK
999 _c10223
_d10223